000 00271nam a2200109Ia 4500
008 200302s9999 xx 000 0 und d
100 _aThe Editors of Fortune
245 _aThe Exploding Metropols
260 _bDoubleday & Company, Inc
260 _c1958
300 _a175 P.,
999 _c5649
_d5649